000 004390000a22001690004500
003 MACL
005 20151219125934.0
008 151219b xxu||||| |||| 00| 0 eng d
040 _aMACL
_cMACL
041 _aEnglish
082 _a150
100 _aThe Waverley book company Ltd
_920824
245 _aIdeas
_bPeople Places and Things
260 _bThe Waverley book company Ltd
_c1954
650 _aPsychology
_9334
942 _cBK
_k150
_2ddc
999 _c40947
_d40947